George Brecht : (Record no. 868)

MARC details
000 -LEADER
campo de control de longitud fija 01309cam a22003374a 4500
001 - NÚMERO DE CONTROL
campo de control 5590449
005 - FECHA Y HORA DE LA ÚLTIMA TRANSACCIÓN
campo de control 20220326193344.0
008 - DATOS DE LONGITUD FIJA--INFORMACIÓN GENERAL
campo de control de longitud fija 060203s2005 gw a bc 000 0 ger c
020 ## - NÚMERO INTERNACIONAL ESTÁNDAR DEL LIBRO
Número Internacional Estándar del Libro 3883759791
035 ## - NÚMERO DE CONTROL DEL SISTEMA
Número de control de sistema (OCoLC)ocm63281153
035 ## - NÚMERO DE CONTROL DEL SISTEMA
Número de control de sistema (NNC)5590449
040 ## - FUENTE DE CATALOGACIÓN
Centro catalogador/agencia de origen CGU
Centro/agencia transcriptor CGU
Centro/agencia modificador CUY
-- OHX
-- BAKER
041 0# - CÓDIGO DE IDIOMA
Código de lengua del texto/banda sonora o título independiente ger
-- eng
042 ## - CÓDIGO DE AUTENTICACIÓN
Código de autenticación pcc
082 ## - NÚMERO DE LA CLASIFICACIÓN DECIMAL DEWEY
Número de clasificación 708
Número de ítem B829e
100 1# - ENTRADA PRINCIPAL--NOMBRE DE PERSONA
Nombre de persona Brecht, George.
9 (RLIN) 4785
245 10 - MENCIÓN DEL TÍTULO
Título George Brecht :
Resto del título events : eine Heterospektive = a heterospective /
Mención de responsabilidad, etc. Julia Robinson ; herausgegeben von/edited by Alfred M. Fischer.
246 31 - FORMA VARIANTE DEL TITULO
Título propio/Titulo breve Heterospective
260 ## - PUBLICACIÓN, DISTRIBUCIÓN, ETC.
Lugar de publicación, distribución, etc. Köln :
Nombre del editor, distribuidor, etc. W. König,
Fecha de publicación, distribución, etc. c2005.
300 ## - DESCRIPCIÓN FÍSICA
Extensión 347 p. :
Otras características físicas ill. (some col.) ;
Dimensiones 31 cm.
500 ## - NOTA GENERAL
Nota general Exhibition catalog, Museum Ludwig, Cologne, Sept. 17, 2005-Jan. 8, 2006, and Museu d'Art Contemporani de Barcelona, May 25-Sept. 3, 2006
505 ## - NOTA DE CONTENIDO CON FORMATO
Título Exhibition catalog, Museum Ludwig, Cologne, Sept. 17, 2005-Jan. 8, 2006, and Museu d'Art Contemporani de Barcelona, May 25-Sept. 3, 2006
546 ## - NOTA DE IDIOMA
Nota de lengua/lenguaje German and English.
600 10 - PUNTO DE ACCESO ADICIONAL DE MATERIA--NOMBRE DE PERSONA
Nombre de persona Brecht, George
Subdivisión de forma Exhibitions.
9 (RLIN) 4786
700 1# - ENTRADA AGREGADA--NOMBRE PERSONAL
Nombre de persona Robinson, Julia.
9 (RLIN) 4787
700 1# - ENTRADA AGREGADA--NOMBRE PERSONAL
Nombre de persona Fischer, Alfred M.
9 (RLIN) 4788
710 2# - ENTRADA AGREGADA--NOMBRE DE ENTIDAD CORPORATIVA
Nombre de entidad corporativa o nombre de jurisdicción como elemento de entrada Museum Ludwig.
9 (RLIN) 4789
710 2# - ENTRADA AGREGADA--NOMBRE DE ENTIDAD CORPORATIVA
Nombre de entidad corporativa o nombre de jurisdicción como elemento de entrada Museu d'Art Contemporani (Barcelona, Spain)
9 (RLIN) 1673
948 1# - PROCESAMIENTO DE INFORMACIÓN LOCAL (OCLC); DESIGNADOR DE PARTE DE LA SERIE (RLIN)
Designador de la parte de la serie, SPT (RLIN) 20060327
b (OCLC) c
c (OCLC) rhg9
d (OCLC) SCMC
Holdings
Estatus retirado Estado de pérdida Fuente del sistema de clasificación o colocación Estado de daño No para préstamo Biblioteca de origen Biblioteca actual Ubicación en estantería Fecha de adquisición Total de préstamos Signatura topográfica completa Código de barras Visto por última vez Precio de reemplazo Tipo de ítem Koha
    Clasificación Decimal Dewey     Biblioteca LadoV Biblioteca LadoV   24/02/2016   708 B829e 000661 24/02/2016 24/02/2016 Material 01